[Event "NAYCC U10"]
[Site "Montreal CAN"]
[Date "2010.08.19"]
[Round "7"]
[White "Sun, Benjamin"]
[Black "Aghamalian, Derick"]
[Result "1-0"]
[WhiteElo "1289"]
[BlackElo "1373"]
[PlyCount "139"]
[EventDate "2010.08.16"]
[EventType "swiss"]
[EventRounds "7"]
[EventCountry "CAN"]

1. e4 e5 2. Nf3 Nc6 3. Nc3 Nf6 4. d4 exd4 5. Nxd4 Bb4 6. Nxc6 bxc6 7. Bd3 O-O
8. Bg5 h6 9. Bh4 d6 10. Qf3 Bg4 11. Bxf6 Bxf3 12. Bxd8 Bxg2 13. Rg1 Bxe4 14.
Bxe4 Rfxd8 15. Bxc6 Rab8 16. O-O-O Rb6 17. Bf3 Rdb8 18. Nd5 Rb5 19. Nxc7 Rf5
20. Bg4 Rxf2 21. Na6 Rb6 22. Nxb4 Rxb4 23. h3 Rb6 24. b3 Ra6 25. a4 Rc6 26. Rd2
Rf4 27. Rgd1 Rf6 28. Kb2 Kf8 29. Rd3 Kg8 30. Rc3 Rb6 31. Rc7 a6 32. Bd7 Rf3 33.
Rd3 Rf6 34. Rc6 Rxc6 35. Bxc6 Kf8 36. Re3 g5 37. Rf3 Re6 38. Kc3 Re7 39. Kd4
Kg7 40. Re3 Rxe3 41. Kxe3 f5 42. b4 Kf7 43. b5 axb5 44. axb5 Ke7 45. c4 Kd8 46.
Bd5 Kd7 47. Bf7 Ke7 48. Bg6 f4+ 49. Kf3 Kd7 50. Be4 h5 51. Bg6 h4 52. Kg4 Kc7
53. Kxg5 f3 54. Kxh4 f2 55. Bd3 Kb6 56. Kg3 Kc5 57. Kxf2 d5 58. cxd5 Kxd5 59.
h4 Ke5 60. h5 Ke6 61. h6 Kf6 62. b6 Ke6 63. h7 Kd7 64. b7 Kc7 65. Be4 Kd6 66.
b8=Q+ Ke6 67. h8=R Kd7 68. Qb6 Ke7 69. Rh7+ Ke8 70. Qb8# 1-0

[Event "NAYCC U10"]
[Site "Montreal CAN"]
[Date "2010.08.19"]
[Round "7"]
[White "Wan, Kevin"]
[Black "Tanenbaum, Zachary"]
[Result "0-1"]
[WhiteElo "1385"]
[BlackElo "1684"]
[PlyCount "126"]
[EventDate "2010.08.16"]
[EventType "swiss"]
[EventRounds "7"]
[EventCountry "CAN"]

1. e4 e5 2. Nf3 Nc6 3. Bb5 a6 4. Bxc6 dxc6 5. O-O Qd6 6. d4 exd4 7. Nxd4 Bd7 8.
Be3 O-O-O 9. Qe2 Qg6 10. f3 Nh6 11. Nd2 Bd6 12. c4 f5 13. Bf2 Qh5 14. e5 Rhe8
15. f4 Qg6 16. Qd1 Bc5 17. N2f3 Ng4 18. Qc2 Nxf2 19. Rxf2 Be6 20. Rd2 Qg4 21.
Kh1 Bxd4 22. Nxd4 Qxf4 23. Rad1 Qxe5 24. Re2 Qf6 25. Rxe6 Rxe6 26. Nxe6 Rxd1+
27. Qxd1 Qxe6 28. b3 Qe3 29. h3 g6 30. Qc2 Qd4 31. Qe2 Kd7 32. Qc2 Kd6 33. Qc1
f4 34. Qa3+ c5 35. Qc1 b5 36. Qc2 Kc6 37. Qe2 Qe3 38. Qd1 Qe5 39. Qf3+ Kb6 40.
Qf1 Ka5 41. Qc1 Qe3 42. Qa3+ Kb6 43. Qb2 Qd4 44. Qe2 bxc4 45. bxc4 Qe3 46. Qb2+
Ka5 47. Qb7 Qe1+ 48. Kh2 Qg3+ 49. Kh1 f3 50. gxf3 Qxh3+ 51. Kg1 Qg3+ 52. Kf1 h5
53. Qc6 Kb4 54. Qb7+ Kxc4 55. Qxa6+ Kd4 56. Qf6+ Kd3 57. Qa6+ c4 58. Qb7 Qe5
59. Qb1+ Kd2 60. Qb4+ c3 61. f4 Qd6 62. Qa4 c2 63. Qb4+ Qxb4 0-1

[Event "NAYCC U10"]
[Site "Montreal CAN"]
[Date "2010.08.19"]
[Round "7"]
[White "Xiong, Jeffery"]
[Black "Bellissimo, Joseph"]
[Result "1-0"]
[WhiteElo "2137"]
[BlackElo "1747"]
[PlyCount "141"]
[EventDate "2010.08.16"]
[EventType "swiss"]
[EventRounds "7"]
[EventCountry "CAN"]

1. e4 e5 2. Nf3 Nf6 3. Nxe5 d6 4. Nf3 Nxe4 5. Nc3 Nxc3 6. dxc3 Be7 7. Be3 Nc6
8. Qd2 Be6 9. Bd3 Qd7 10. Bb5 a6 11. Ba4 Bf6 12. O-O O-O 13. Nd4 Bc4 14. Bxc6
bxc6 15. Rfe1 c5 16. Nf3 Rab8 17. b3 Bb5 18. Bg5 Bxg5 19. Qxg5 h6 20. Qf4 Rfe8
21. Nd2 Bc6 22. Nf1 Rxe1 23. Rxe1 Re8 24. Rxe8+ Qxe8 25. Ne3 Qe4 26. Qxe4 Bxe4
27. f3 Bg6 28. Nd5 Bxc2 29. Nxc7 a5 30. Nb5 d5 31. Nc7 d4 32. cxd4 cxd4 33. Kf2
Kf8 34. Nb5 d3 35. Ke3 Ke7 36. Na3 d2 37. Kxd2 Bf5 38. Nc4 a4 39. bxa4 Bd7 40.
a5 Bb5 41. Kc3 f6 42. Kb4 Ba6 43. Kc5 Kd7 44. Nd6 g6 45. Ne4 f5 46. Nf6+ Kc7
47. Ng8 Bc8 48. Nxh6 Be6 49. a3 Bb3 50. f4 Ba2 51. g3 Bb3 52. h4 Be6 53. a6 Bb3
54. a7 Kb7 55. Kd6 Kxa7 56. Ke7 Kb7 57. Kf6 Bd1 58. Kxg6 Bg4 59. Nxg4 fxg4 60.
f5 Kc7 61. f6 Kb7 62. f7 Kc6 63. f8=Q Kb6 64. h5 Kc7 65. h6 Kb6 66. h7 Kc6 67.
h8=Q Kb6 68. Qb4+ Kc6 69. Qc8+ Kd5 70. Qd7+ Ke5 71. Qbd4# 1-0

[Event "NAYCC U10"]
[Site "Montreal CAN"]
[Date "2010.08.19"]
[Round "7"]
[White "Zhang, Jeff"]
[Black "Yang, Eddie"]
[Result "1-0"]
[WhiteElo "1107"]
[BlackElo "1054"]
[PlyCount "57"]
[EventDate "2010.08.16"]
[EventType "swiss"]
[EventRounds "7"]
[EventCountry "CAN"]

1. e4 c5 2. Nf3 e6 3. d4 cxd4 4. Nxd4 Nc6 5. Nc3 a6 6. Be3 Nf6 7. f4 d6 8. Be2
Be7 9. O-O O-O 10. Qe1 e5 11. Nf3 Ng4 12. Bd2 Qb6+ 13. Kh1 f5 14. Bd3 exf4 15.
Bxf4 Qd8 16. b3 fxe4 17. Qxe4 Bf5 18. Qd5+ Kh8 19. Bxf5 Nf6 20. Qc4 Nh5 21. g4
d5 22. Nxd5 Nxf4 23. Nxe7 Qxe7 24. Qxf4 g6 25. Rg1 gxf5 26. gxf5 Rg8 27. Qh6
Qe4 28. Qf6+ Rg7 29. Qxg7# 1-0

[Event "NAYCC U10"]
[Site "Montreal CAN"]
[Date "2010.08.19"]
[Round "7"]
[White "Zhao, Frederick"]
[Black "Zhang, Kevin"]
[Result "1-0"]
[WhiteElo "1350"]
[BlackElo "957"]
[PlyCount "115"]
[EventDate "2010.08.16"]
[EventType "swiss"]
[EventRounds "7"]
[EventCountry "CAN"]

1. e4 e5 2. Nf3 Nc6 3. d4 Nf6 4. Nc3 Bb4 5. dxe5 Nxe4 6. Bd2 Nxc3 7. Bxc3 Bxc3+
8. bxc3 Qe7 9. Qe2 d6 10. exd6 Qxe2+ 11. Bxe2 cxd6 12. Nd4 Bd7 13. O-O-O O-O-O
14. Nb5 Rhf8 15. Nxd6+ Kc7 16. Nb5+ Kb8 17. Nd4 Rfe8 18. Bf3 f6 19. Rhe1 g6 20.
Re2 Nxd4 21. cxd4 Bc6 22. d5 Rxe2 23. Bxe2 Rxd5 24. Rxd5 Bxd5 25. Kb2 Bxg2 26.
Bc4 h6 27. Kc3 Kc7 28. Kd4 Kd6 29. a4 Bc6 30. a5 g5 31. Bb3 f5 32. c4 b6 33.
axb6 axb6 34. Bc2 Bd7 35. Bd1 Be8 36. Bf3 Bc6 37. Be2 g4 38. Bd3 f4 39. Be4 Be8
40. Bg2 h5 41. Be4 h4 42. Bd5 g3 43. fxg3 fxg3 44. hxg3 h3 45. Ke3 Bc6 46. Bxc6
Kxc6 47. Kf3 Kd6 48. g4 h2 49. Kg2 h1=Q+ 50. Kxh1 Ke5 51. Kg2 Ke4 52. g5 Kf5
53. Kf3 Kxg5 54. Ke4 Kf6 55. Kd5 Ke7 56. Kc6 b5 57. cxb5 Ke8 58. b6 1-0

[Event "NAYCC U10"]
[Site "Montreal CAN"]
[Date "2010.08.19"]
[Round "7"]
[White "Zimmermann, Eric"]
[Black "Fernandez, Jorge Carlo"]
[Result "1-0"]
[WhiteElo "676"]
[BlackElo "544"]
[PlyCount "53"]
[EventDate "2010.08.16"]
[EventType "swiss"]
[EventRounds "7"]
[EventCountry "CAN"]

1. d4 Nc6 2. d5 Nb4 3. Nf3 c5 4. Be3 d6 5. Nc3 Bf5 6. Rc1 Nxc2+ 7. Rxc2 Bxc2 8.
Qxc2 Nf6 9. Bg5 e6 10. Bxf6 Qxf6 11. e4 Be7 12. Bb5+ Kf8 13. O-O a6 14. Be2 Ke8
15. Qa4+ b5 16. Bxb5+ Kf8 17. Bc6 Rb8 18. Qxa6 Bd8 19. Qa7 Rxb2 20. Qd7 Qe7 21.
dxe6 Qxd7 22. exd7 Rc2 23. Nd1 Rxa2 24. Re1 c4 25. e5 dxe5 26. Rxe5 Ra1 27.
Re8# 1-0

[Event "NAYCC U10 w"]
[Site "Montreal CAN"]
[Date "2010.08.16"]
[Round "1"]
[White "Cao, Sophie"]
[Black "Gao, Christine"]
[Result "0-1"]
[WhiteElo "319"]
[BlackElo "1162"]
[PlyCount "70"]
[EventDate "2010.08.16"]
[EventType "swiss"]
[EventRounds "7"]
[EventCountry "CAN"]

1. e4 c5 2. Nf3 d6 3. d3 Nf6 4. d4 Nxe4 5. c3 cxd4 6. Nxd4 g6 7. Bb5+ Bd7 8.
O-O Bg7 9. Be3 O-O 10. c4 a6 11. Ba4 Nc5 12. b3 e5 13. Nf3 Bxa4 14. bxa4 e4 15.
Ne1 Bxa1 16. f3 Bg7 17. fxe4 Nc6 18. Nf3 Nxe4 19. g3 Re8 20. Bg5 Nxg5 21. h4
Ne4 22. Re1 Nxg3 23. Rf1 Nxf1 24. Kxf1 Qf6 25. a3 Re3 26. Nc3 Qxf3+ 27. Kg1
Qxd1+ 28. Nxd1 Re1+ 29. Kf2 Rxd1 30. a5 Re8 31. Kf3 Bd4 32. a4 Re3+ 33. Kf4
Rf1+ 34. Kg5 Rg3+ 35. Kh6 Bg7# 0-1

[Event "NAYCC U10 w"]
[Site "Montreal CAN"]
[Date "2010.08.16"]
[Round "1"]
[White "Lu, Jasmine"]
[Black "Liu (Runjie), Jennifer"]
[Result "0-1"]
[WhiteElo "650"]
[BlackElo "549"]
[PlyCount "57"]
[EventDate "2010.08.16"]
[EventType "swiss"]
[EventRounds "7"]
[EventCountry "CAN"]

1. e4 e5 2. Nf3 Nc6 3. Bc4 h5 4. Nc3 Nf6 5. d3 Bc5 6. Be3 Bd4 7. O-O Ng4 8. Nd5
Bxb2 9. Rb1 Bd4 10. h3 Nf6 11. Bg5 Nb4 12. Rxb4 a5 13. Rb1 c6 14. Nh4 cxd5 15.
exd5 d6 16. Bb5+ Bd7 17. Bc4 a4 18. Qf3 Qa5 19. Rfe1 Qc3 20. Rbc1 Rb8 21. Nf5
O-O 22. Qg3 g6 23. Bxf6 Bxf5 24. Qg5 Kh7 25. Re3 Bxe3 26. fxe3 Qd2 27. Rf1 Qxc2
28. Rxf5 Qd1+ 29. Kh2 {time/temps} 0-1

[Event "NAYCC U10 w"]
[Site "Montreal CAN"]
[Date "2010.08.16"]
[Round "1"]
[White "Palakollu, Samritha"]
[Black "Nazarov, Stephanie"]
[Result "1-0"]
[WhiteElo "1500"]
[BlackElo "979"]
[PlyCount "47"]
[EventDate "2010.08.16"]
[EventType "swiss"]
[EventRounds "7"]
[EventCountry "CAN"]

1. e4 e5 2. Nf3 Nc6 3. Bc4 Nf6 4. d3 Bc5 5. c3 d5 6. exd5 Nxd5 7. O-O Bg4 8. h3
Bh5 9. Re1 Qd6 10. Bb5 f6 11. d4 Bb6 12. dxe5 fxe5 13. Rxe5+ Qxe5 14. Nxe5 Bxd1
15. Nxc6 Kd7 16. Nb4+ c6 17. Bd3 Nxb4 18. Bf5+ Kd6 19. cxb4 a5 20. Bf4+ Ke7 21.
Nc3 Bh5 22. Re1+ Kd8 23. Na4 Bc7 24. Bg5# 1-0

[Event "NAYCC U10 w"]
[Site "Montreal CAN"]
[Date "2010.08.16"]
[Round "1"]
[White "Provine, Shayna"]
[Black "Lu, Daisy"]
[Result "1-0"]
[WhiteElo "1449"]
[BlackElo "652"]
[PlyCount "47"]
[EventDate "2010.08.16"]
[EventType "swiss"]
[EventRounds "7"]
[EventCountry "CAN"]

1. e4 e5 2. Nf3 Nc6 3. Bb5 Nf6 4. O-O Bc5 5. c3 a6 6. Ba4 b5 7. Bb3 d6 8. d4
exd4 9. cxd4 Nxe4 10. Re1 Qe7 11. dxc5 Bg4 12. Bd5 O-O 13. Bxc6 Rac8 14. Rxe4
Qf6 15. Rxg4 Qf5 16. Qd4 g6 17. Bh6 f6 18. Rg5 Qc2 19. Bd5+ Kh8 20. Nbd2 dxc5
21. Qf4 Qxb2 22. Re1 Rfe8 23. Rge5 Rxe5 24. Qxf6# 1-0

[Event "NAYCC U10 w"]
[Site "Montreal CAN"]
[Date "2010.08.16"]
[Round "1"]
[White "Yu, Cindy"]
[Black "Liu, Jiaxin (Dora)"]
[Result "1/2-1/2"]
[WhiteElo "966"]
[BlackElo "1221"]
[PlyCount "47"]
[EventDate "2010.08.16"]
[EventType "swiss"]
[EventRounds "7"]
[EventCountry "CAN"]

1. e4 c5 2. Nf3 d6 3. d4 cxd4 4. Nxd4 Nf6 5. Nc3 a6 6. Bg5 e6 7. f4 Nbd7 8. Qf3
Be7 9. O-O-O Qc7 10. g4 b5 11. Bxf6 Nxf6 12. g5 Nd7 13. f5 Bxg5+ 14. Kb1 Nc5
15. Qh5 Bf6 16. Bh3 Bxd4 17. Rxd4 Qe7 18. Rg1 Qf8 19. fxe6 Nxe6 20. Bxe6 Bxe6
21. Rgd1 g6 22. Qg5 Rd8 23. e5 Qe7 24. Qxe7+ 1/2-1/2

[Event "NAYCC U10 w"]
[Site "Montreal CAN"]
[Date "2010.08.16"]
[Round "1"]
[White "Zhao, Jiayun"]
[Black "Wang, Kelly"]
[Result "0-1"]
[WhiteElo "1131"]
[BlackElo "1507"]
[PlyCount "58"]
[EventDate "2010.08.16"]
[EventType "swiss"]
[EventRounds "7"]
[EventCountry "CAN"]

1. e4 c5 2. Nf3 Nc6 3. d4 cxd4 4. Nxd4 g6 5. Bc4 Bg7 6. Be3 Nf6 7. Nc3 O-O 8.
O-O d6 9. Qd2 Ng4 10. Nxc6 bxc6 11. Bf4 Rb8 12. Rab1 Ne5 13. Bxe5 Bxe5 14. Rfe1
Qc7 15. g3 Qa5 16. a3 Rxb2 17. Rxb2 Bxc3 18. Qc1 Bxb2 19. Qe3 Bd4 20. Qe2 Bg4
21. Qxg4 Qxe1+ 22. Kg2 Qxf2+ 23. Kh3 d5 24. exd5 cxd5 25. Bxd5 Qf1+ 26. Kh4
Bf6+ 27. Qg5 Bxg5+ 28. Kxg5 Qf5+ 29. Kh4 Qh5# 0-1

[Event "NAYCC U10 w"]
[Site "Montreal CAN"]
[Date "2010.08.16"]
[Round "2"]
[White "Gao, Christine"]
[Black "Provine, Shayna"]
[Result "0-1"]
[WhiteElo "1162"]
[BlackElo "1449"]
[PlyCount "146"]
[EventDate "2010.08.16"]
[EventType "swiss"]
[EventRounds "7"]
[EventCountry "CAN"]

1. e4 c5 2. Nf3 d6 3. d4 cxd4 4. Nxd4 Nf6 5. Nc3 a6 6. Be2 e5 7. Nf3 Be7 8. O-O
O-O 9. h3 Nc6 10. Be3 b5 11. Bd3 Be6 12. a3 Rc8 13. Rc1 Na5 14. Nd2 Qc7 15. Qe2
Qb7 16. f4 Nc4 17. f5 Nxb2 18. fxe6 Rxc3 19. exf7+ Rxf7 20. Nb1 Rc8 21. Nd2 Bd8
22. Rb1 Na4 23. Bc4 Nc3 24. Bxf7+ Qxf7 25. Qd3 Nxb1 26. Rxb1 Qe6 27. Rc1 Ba5
28. Nf3 Rc3 29. Qe2 Rxa3 30. Ng5 Qc4 31. Qxc4+ bxc4 32. Bf2 Bd2 33. Rd1 Bxg5
34. Rxd6 Nxe4 35. Rd7 Ra1+ 36. Kh2 Nxf2 37. Kg3 Rf1 38. Ra7 Bf4+ 39. Kf3 Nxh3+
40. Ke2 Rf2+ 41. Ke1 Bd2+ 42. Kd1 Rxg2 43. Rxa6 Ng5 44. Rd6 Nf3 45. Rc6 e4 46.
Rxc4 e3 47. Re4 Rg1+ 48. Ke2 Re1+ 49. Kxf3 e2 50. Kf2 Rf1+ 51. Kxe2 Re1+ 52.
Kd3 Rxe4 53. Kxe4 Bb4 54. c4 h5 55. Kf5 Kf7 56. Kg5 g6 57. Kh4 Be7+ 58. Kg3 h4+
59. Kh3 g5 60. Kg4 Kg6 61. Kh3 Kf5 62. Kh2 g4 63. Kg2 h3+ 64. Kh2 Bd6+ 65. Kg1
g3 66. c5 Bxc5+ 67. Kf1 g2+ 68. Ke2 g1=Q 69. Kd3 Qe3+ 70. Kc4 h2 71. Kb5 h1=Q
72. Ka4 Qb1 73. Ka5 Qa3# 0-1

[Event "NAYCC U10 w"]
[Site "Montreal CAN"]
[Date "2010.08.16"]
[Round "2"]
[White "Liu, Jiaxin (Dora)"]
[Black "Zhao, Jiayun"]
[Result "1/2-1/2"]
[WhiteElo "1221"]
[BlackElo "1131"]
[PlyCount "76"]
[EventDate "2010.08.16"]
[EventType "swiss"]
[EventRounds "7"]
[EventCountry "CAN"]

1. e4 e5 2. Nf3 Nc6 3. Bc4 Be7 4. O-O Nf6 5. Nc3 O-O 6. d3 h6 7. h3 d6 8. Be3
Be6 9. Bb3 d5 10. exd5 Nxd5 11. Nxd5 Bxd5 12. Re1 Bxb3 13. axb3 Re8 14. Bd2 Bd6
15. Bc3 Nd4 16. Nxd4 exd4 17. Rxe8+ Qxe8 18. Bxd4 c5 19. Bc3 Be5 20. Qf3 Bxc3
21. bxc3 Qc6 22. Qxc6 bxc6 23. Ra5 Re8 24. Rxc5 Re1+ 25. Kh2 Re2 26. Kg3 Rxc2
27. Rxc6 Rd2 28. d4 Rd3+ 29. Kf4 Kf8 30. Ke4 Rd2 31. Ke3 Rc2 32. Rc7 g6 33. d5
Ke8 34. d6 f5 35. g4 fxg4 36. hxg4 h5 37. gxh5 gxh5 38. Rc4 Kd7 1/2-1/2

[Event "NAYCC U10 w"]
[Site "Montreal CAN"]
[Date "2010.08.16"]
[Round "2"]
[White "Liu (Runjie), Jennifer"]
[Black "Palakollu, Samritha"]
[Result "0-1"]
[WhiteElo "1280"]
[BlackElo "1500"]
[PlyCount "74"]
[EventDate "2010.08.16"]
[EventType "swiss"]
[EventRounds "7"]
[EventCountry "CAN"]

1. e4 e5 2. Nf3 Nc6 3. Bc4 Bc5 4. Nc3 d6 5. Nd5 Bg4 6. h3 Bh5 7. g4 Bg6 8. d3
Na5 9. b4 Nxc4 10. bxc5 Na5 11. cxd6 cxd6 12. Bd2 h5 13. g5 Nc6 14. Qb1 Rb8 15.
Qb3 h4 16. Rb1 Bh5 17. Ke2 Nd4+ 18. Ke3 Nxb3 19. Rxb3 Bxf3 20. Kxf3 Ne7 21. Rg1
Nxd5 22. exd5 b6 23. g6 Qf6+ 24. Ke2 fxg6 25. Bg5 Qf5 26. Rc3 Qxh3 27. Rc7 Kf8
28. Rxa7 Kg8 29. Be7 Qf5 30. Bxd6 Re8 31. Bb4 e4 32. d4 Qf3+ 33. Ke1 h3 34. d6
h2 35. Rf1 h1=Q 36. Rxh1 Rxh1+ 37. Kd2 Rd1# 0-1

[Event "NAYCC U10 w"]
[Site "Montreal CAN"]
[Date "2010.08.16"]
[Round "2"]
[White "Lu, Daisy"]
[Black "Cao, Sophie"]
[Result "1-0"]
[WhiteElo "652"]
[BlackElo "319"]
[PlyCount "58"]
[EventDate "2010.08.16"]
[EventType "swiss"]
[EventRounds "7"]
[EventCountry "CAN"]

1. e4 g5 2. Nf3 Nf6 3. d3 e5 4. Nxe5 d6 5. Nf3 Nc6 6. Nxg5 Nd4 7. Nc3 c6 8. Be3
d5 9. Bxd4 h6 10. e5 Nd7 11. e6 fxe6 12. Bxh8 hxg5 13. Qh5+ Ke7 14. Qg6 Nc5 15.
Bf6+ Kd7 16. Bxd8 Kxd8 17. Qf7 Nd7 18. Be2 b5 19. Bh5 e5 20. Qe8+ Kc7 21. O-O-O
Nc5 22. Qxe5+ Kd7 23. Qe8+ Kc7 24. Qxf8 Bf5 25. Qxa8 g4 26. Rhe1 d4 27. Re8
dxc3 28. Qd8+ Kb7 29. Re7+ Ka6 1-0

[Event "NAYCC U10 w"]
[Site "Montreal CAN"]
[Date "2010.08.16"]
[Round "2"]
[White "Nazarov, Stephanie"]
[Black "Yu, Cindy"]
[Result "1-0"]
[WhiteElo "979"]
[BlackElo "966"]
[PlyCount "78"]
[EventDate "2010.08.16"]
[EventType "swiss"]
[EventRounds "7"]
[EventCountry "CAN"]

1. e4 e5 2. Nf3 Nc6 3. Nc3 Nf6 4. d4 exd4 5. Nxd4 Be7 6. e5 Nxe5 7. Bf4 Ng6 8.
Bg5 O-O 9. Bd3 h6 10. Be3 d5 11. O-O Bg4 12. f3 Bd7 13. Qe2 c5 14. Nb3 c4 15.
Bxg6 fxg6 16. Nd2 Re8 17. Qf2 Bf5 18. Rac1 b6 19. Ne2 Bc5 20. Bxc5 bxc5 21.
Rfe1 d4 22. Ng3 c3 23. Rxe8+ Qxe8 24. Re1 Qb5 25. bxc3 dxc3 26. Nb3 c4 27. Nd4
Qb2 28. Ngxf5 gxf5 29. Nxf5 Qxa2 30. Qg3 Nh5 31. Qg4 Qxc2 32. Qxh5 Qd2 33. Rf1
Rb8 34. Qg4 Rb7 35. Qxc4+ Kh8 36. Qc8+ Kh7 37. Qxb7 Qg5 38. Nxg7 Qxg7 39. Qxg7+
Kxg7 1-0

[Event "NAYCC U10 w"]
[Site "Montreal CAN"]
[Date "2010.08.16"]
[Round "2"]
[White "Wang, Kelly"]
[Black "Zhu, Jiarong"]
[Result "1-0"]
[WhiteElo "1507"]
[BlackElo "1131"]
[PlyCount "123"]
[EventDate "2010.08.16"]
[EventType "swiss"]
[EventRounds "7"]
[EventCountry "CAN"]

1. e4 c5 2. Nf3 e6 3. d4 cxd4 4. Nxd4 Nf6 5. Bd3 Bc5 6. Nb3 b6 7. O-O Nc6 8.
Nxc5 bxc5 9. Nc3 h6 10. Be3 O-O 11. Bxc5 d6 12. Ba3 Re8 13. Bb5 Qb6 14. Qxd6
Bb7 15. Bc5 Rad8 16. Bxb6 Rxd6 17. Bxc6 Rxc6 18. Bd4 Nd7 19. Rad1 Ba6 20. Rfe1
e5 21. Be3 Nf6 22. f3 Rb8 23. Rb1 Rc7 24. f4 Ng4 25. fxe5 Nxe3 26. Rxe3 Re7 27.
Na4 Rxe5 28. Rb3 Rxb3 29. axb3 Rxe4 30. Nc5 Re2 31. Nxa6 Rxc2 32. b4 Rc6 33.
Ra1 Rb6 34. Ra4 f5 35. Nc5 g5 36. Kf2 h5 37. Nd7 Rb7 38. Nf6+ Kh8 39. Nxh5 Rh7
40. Ng3 f4 41. Ne4 g4 42. Nf6 Rxh2 43. Nxg4 Rh7 44. b5 Rb7 45. Ra5 Kg7 46. Kf3
Rf7 47. Ne5 Rf5 48. Rxa7+ Kh6 49. Ke4 Rf8 50. b6 Kg5 51. b7 Rb8 52. Kf3 Re8 53.
Ra8 Rxe5 54. b8=Q Re3+ 55. Kf2 Kf5 56. Ra5+ Kf6 57. Qxf4+ Ke6 58. Qxe3+ Kd6 59.
Qh6+ Kc7 60. Ra7+ Kb8 61. Rh7 Kc8 62. Qf8# 1-0

[Event "NAYCC U10 w"]
[Site "Montreal CAN"]
[Date "2010.08.17"]
[Round "3"]
[White "Lu, Jasmine"]
[Black "Gao, Christine"]
[Result "0-1"]
[WhiteElo "650"]
[BlackElo "1162"]
[PlyCount "88"]
[EventDate "2010.08.16"]
[EventType "swiss"]
[EventRounds "7"]
[EventCountry "CAN"]

1. e4 c5 2. Nf3 d6 3. Bb5+ Bd7 4. Bc4 Nf6 5. Nc3 Nc6 6. d3 e6 7. O-O Be7 8. h3
O-O 9. d4 cxd4 10. Nxd4 Qc7 11. Qf3 Nxd4 12. Qg3 Rfd8 13. Bh6 g6 14. Rac1 Qxc4
15. b3 Qc7 16. Nd1 Ne2+ 17. Kh1 Nxg3+ 18. fxg3 Nxe4 19. Rf4 Bg5 20. Bxg5 Nxg5
21. Ne3 Bc6 22. Rcf1 e5 23. Rg4 Ne6 24. Nf5 Ng7 25. Nh6+ Kf8 26. Rxf7+ Qxf7 27.
Nxf7 Kxf7 28. Rg5 Rf8 29. h4 Kg8 30. h5 h6 31. Rxg6 Kh7 32. Rxd6 Rf2 33. Kh2
Rxg2+ 34. Kh3 Nxh5 35. Kh4 Ng7 36. Rf6 e4 37. Rf7 e3 38. Re7 e2 39. Kg4 Re8 40.
Rxe2 Rgxe2 41. Kf4 Rf8+ 42. Kg4 Re5 43. Kh4 Rh5+ 44. Kg4 Bd7# 0-1

[Event "NAYCC U10 w"]
[Site "Montreal CAN"]
[Date "2010.08.17"]
[Round "3"]
[White "Nazarov, Stephanie"]
[Black "Liu (Runjie), Jennifer"]
[Result "1/2-1/2"]
[WhiteElo "979"]
[BlackElo "549"]
[PlyCount "103"]
[EventDate "2010.08.16"]
[EventType "swiss"]
[EventRounds "7"]
[EventCountry "CAN"]

1. e4 e5 2. Nf3 Nc6 3. Nc3 Bc5 4. Nxe5 Nxe5 5. d4 d6 6. dxc5 dxc5 7. Qxd8+ Kxd8
8. Bd3 c4 9. Be2 c6 10. Bf4 f6 11. Bxe5 fxe5 12. Bxc4 Nf6 13. O-O-O+ Bd7 14.
Rd2 Re8 15. Rhd1 Re7 16. f3 Rc8 17. Na4 b5 18. Nc5 bxc4 19. h4 Ke8 20. Rd6 h6
21. g4 Rc7 22. g5 hxg5 23. hxg5 Nh5 24. Na6 Rb7 25. Nc5 Rc7 26. Na6 Bh3 27.
Nxc7+ Rxc7 28. Rh1 Nf4 29. Rd2 g6 30. Rdh2 Rh7 31. Kd2 Kf7 32. Kc3 Ke6 33. Kxc4
Bf1+ 34. Kc5 Bh3 35. Kxc6 Rh5 36. a4 Bg2 37. Rxh5 Nxh5 38. Rd1 Bxf3 39. Rd6+
Ke7 40. Rd7+ Ke6 41. Rxa7 Bxe4+ 42. Kc7 Bxc2 43. b4 e4 44. Ra6+ Kf5 45. b5 e3
46. Kd7 e2 47. Re6 Bxa4 48. Kd6 Bxb5 49. Re5+ Kf4 50. Kd5 Kf3 51. Re7 Kf2 52.
Rf7+ 1/2-1/2

[Event "NAYCC U10 w"]
[Site "Montreal CAN"]
[Date "2010.08.17"]
[Round "3"]
[White "Palakollu, Samritha"]
[Black "Wang, Kelly"]
[Result "1-0"]
[WhiteElo "1500"]
[BlackElo "1507"]
[PlyCount "79"]
[EventDate "2010.08.16"]
[EventType "swiss"]
[EventRounds "7"]
[EventCountry "CAN"]

1. e4 c5 2. Nf3 Nc6 3. d4 cxd4 4. Nxd4 g6 5. Nc3 Bg7 6. Nb3 Nf6 7. Bc4 O-O 8.
O-O a6 9. a4 b6 10. Re1 Ne5 11. Bd5 Nxd5 12. exd5 d6 13. Qe2 Re8 14. Bf4 Bb7
15. Rad1 Nd7 16. Bg5 Nf6 17. Qe3 Rc8 18. h3 Ba8 19. Bh6 Bh8 20. Kh1 Rb8 21. f4
b5 22. Bg5 b4 23. Bxf6 Bxf6 24. Ne4 Bxb2 25. f5 Bg7 26. fxg6 hxg6 27. Rf1 Rf8
28. Qf2 Bh6 29. Qh4 Kg7 30. Nc1 Bxc1 31. Rxc1 Bxd5 32. Ng5 Rh8 33. Qd4+ e5 34.
Qxd5 Qxg5 35. Rxf7+ Kh6 36. Rcf1 Rbd8 37. R1f6 Qc1+ 38. Kh2 Qxc2 39. Qe6 b3 40.
Qg4 1-0

[Event "NAYCC U10 w"]
[Site "Montreal CAN"]
[Date "2010.08.17"]
[Round "3"]
[White "Provine, Shayna"]
[Black "Liu, Jiaxin (Dora)"]
[Result "0-1"]
[WhiteElo "1449"]
[BlackElo "1221"]
[PlyCount "60"]
[EventDate "2010.08.16"]
[EventType "swiss"]
[EventRounds "7"]
[EventCountry "CAN"]

1. e4 c5 2. Nf3 d6 3. d4 cxd4 4. Nxd4 Nf6 5. f3 e6 6. c4 Nc6 7. Nc3 Be7 8. Be3
O-O 9. Nxc6 bxc6 10. Be2 Bb7 11. O-O Qc7 12. f4 Rfd8 13. Qe1 Kh8 14. Qf2 Qa5
15. Qg3 Rab8 16. e5 Ne8 17. Bd4 d5 18. cxd5 Bc5 19. Bxc5 Qxc5+ 20. Kh1 cxd5 21.
Bd3 Rdc8 22. f5 exf5 23. Bxf5 Rc7 24. e6 Nd6 25. exf7 Rxf7 26. Rf4 Rbf8 27. Na4
Qc7 28. Qd3 Nxf5 29. Rff1 Qc6 30. b3 Ba6 0-1

[Event "NAYCC U10 w"]
[Site "Montreal CAN"]
[Date "2010.08.17"]
[Round "3"]
[White "Zhao, Jiayun"]
[Black "Yu, Cindy"]
[Result "1-0"]
[WhiteElo "1131"]
[BlackElo "549"]
[PlyCount "67"]
[EventDate "2010.08.16"]
[EventType "swiss"]
[EventRounds "7"]
[EventCountry "CAN"]

1. e4 e5 2. Nf3 Nc6 3. Bb5 a6 4. Bxc6 dxc6 5. Nc3 Nf6 6. d4 exd4 7. Nxd4 Bc5 8.
Be3 Bd6 9. O-O O-O 10. h3 Re8 11. Qf3 c5 12. Nde2 Bd7 13. Nf4 Bc6 14. Ncd5 Nxd5
15. Nxd5 Bb5 16. Rfe1 c6 17. Nf4 Qc7 18. a4 Bc4 19. b3 Be6 20. Nh5 c4 21. bxc4
Bxc4 22. Bd4 f6 23. Qg4 Be6 24. Nxf6+ Kh8 25. Nxe8 Rxe8 26. Qf3 Rf8 27. Qh5
Bh2+ 28. Kh1 c5 29. Bc3 Rxf2 30. Rf1 Rxf1+ 31. Rxf1 h6 32. Qg6 Bc4 33. Rf8+ Bg8
34. Qxh6# 1-0

[Event "NAYCC U10 w"]
[Site "Montreal CAN"]
[Date "2010.08.17"]
[Round "3"]
[White "Zhu, Jiarong"]
[Black "Lu, Daisy"]
[Result "0-1"]
[WhiteElo "1130"]
[BlackElo "632"]
[PlyCount "158"]
[EventDate "2010.08.16"]
[EventType "swiss"]
[EventRounds "7"]
[EventCountry "CAN"]

1. e4 e5 2. Nf3 Nc6 3. Bb5 a6 4. Bxc6 dxc6 5. O-O Bg4 6. h3 Bh5 7. c3 Qd7 8.
Nxe5 Bxd1 9. Nxd7 O-O-O 10. Nxf8 Bc2 11. Re1 Rxf8 12. d4 Re8 13. e5 f6 14. Bf4
g5 15. Bg3 Nh6 16. Nd2 Nf5 17. Bh2 Rd8 18. Nf3 Nh4 19. Nxh4 gxh4 20. exf6 Rhg8
21. Re7 Bf5 22. Rxc7+ Kb8 23. Rxh7+ Ka7 24. Rxh4 Rg5 25. f7 Rf8 26. Bf4 Rg6 27.
g4 Be4 28. Be3 Rxf7 29. d5+ Kb8 30. dxc6 bxc6 31. Rd1 Kc8 32. Rh8+ Kc7 33. b4
Bc2 34. Rd4 Rf3 35. Rh7+ Kc8 36. a4 Bxa4 37. Re4 c5 38. Re8+ Bxe8 39. bxc5 Bc6
40. Ra7 Re6 41. h4 Re4 42. Rg7 Rc4 43. h5 Rxc3 44. h6 Rh3 45. Rg8+ Kd7 46. Rg7+
Ke6 47. Rg6+ Ke5 48. Rxc6 Ke4 49. Kg2 Rh4 50. Kg3 Rh1 51. Rc7 Rg1+ 52. Kh3 Rd3
53. h7 Rh1+ 54. Kg2 Rdd1 55. f3+ Kxe3 56. Re7+ Kf4 57. Re4+ Kg5 58. Re5+ Kf6
59. Rf5+ Kg6 60. Rh5 Rdg1+ 61. Kf2 Rf1+ 62. Kg3 Rxh5 63. gxh5+ Kxh7 64. f4 Kh6
65. Kg4 a5 66. f5 a4 67. c6 Rc1 68. f6 Rxc6 69. Kf5 Kxh5 70. f7 Rc8 71. Ke6 a3
72. Ke7 a2 73. f8=Q Rxf8 74. Kxf8 a1=Q 75. Kg8 Qe5 76. Kh7 Qf6 77. Kg8 Qe7 78.
Kh8 Kg6 79. Kg8 Qg7# 0-1